Situational prison control : Crime prevention in correctional institutions
This book examines the control of prison disorder through the application of situational crime prevention principles. It spans two subject areas--crime prevention and corrections--and may interest academics as well as practitioners in these fields. On one hand, the book presents a new model of situa...
Saved in:
| Main Author: | |
|---|---|
| Format: | Book |
| Language: | Undetermined |
| Published: |
Cambridge, UK
Cambridge University Press
2002
|
| Subjects: | |
| Tags: |
Add Tag
No Tags, Be the first to tag this record!
|
| Institutions: | Trung tâm Học liệu Trường Đại học Cần Thơ |
|---|
| LEADER | 01100nam a2200229Ia 4500 | ||
|---|---|---|---|
| 001 | CTU_166946 | ||
| 008 | 210402s9999 xx 000 0 und d | ||
| 020 | |c 104 | ||
| 082 | |a 365.64 | ||
| 082 | |b W935 | ||
| 100 | |a Wortley, Richard K. | ||
| 245 | 0 | |a Situational prison control : | |
| 245 | 0 | |b Crime prevention in correctional institutions | |
| 245 | 0 | |c Richard Wortley | |
| 260 | |a Cambridge, UK | ||
| 260 | |b Cambridge University Press | ||
| 260 | |c 2002 | ||
| 520 | |a This book examines the control of prison disorder through the application of situational crime prevention principles. It spans two subject areas--crime prevention and corrections--and may interest academics as well as practitioners in these fields. On one hand, the book presents a new model of situational prevention that has applications beyond institutions to community settings. | ||
| 650 | |a Crime prevention,Bạo lực nhà tù,Phòng chống tội ác,Prison violence | ||
| 650 | |x Phòng chống,Prevention | ||
| 904 | |i Trọng Hiếu | ||
| 980 | |a Trung tâm Học liệu Trường Đại học Cần Thơ | ||